00673 a2200181 4500010001400000020002300014035001300037037001500050082001300065100003000078245017400108260007000282300003000352500004000382650001300422650003500435700002100470 aENG-86309 a8172148704c300.00 aEN-69842 bDBAD / PUB14a301.09541 aZiegenbalg, Bartholomaeus1 aA German exploration of Indian society :bZiegenbalg's "Malabarian Heathenism" : an annonated English translation with an introduction and a glossary/cby Daniel Jeyaraj aNew DelhibIndian Society for Promoting Christian Knowledgec2006 axiv, 418 p.c24 cm. (Pbk) aIncludes bibliographical references 0aHinduism 0aTamil (Indic people)xReligion1 aJeyaraj, Daniel.